<?xml version="1.0" encoding="UTF-8"?>
<marc:record xmlns:marc="http://www.loc.gov/MARC21/slim">
   <marc:leader>00000nam a2200000 a 4500</marc:leader>
   <marc:datafield ind1="1" ind2=" " tag="100">
      <marc:subfield code="a">Hall, Alexis</marc:subfield>
      <marc:subfield code="4">aut</marc:subfield>
      <marc:subfield code="e">Verfasser/-in</marc:subfield>
   </marc:datafield>
   <marc:datafield ind1="0" ind2="0" tag="245">
      <marc:subfield code="a">Boyfriend Material</marc:subfield>
   </marc:datafield>
   <marc:datafield ind1="0" ind2="0" tag="245">
      <marc:subfield code="c">Alexis Hall</marc:subfield>
   </marc:datafield>
   <marc:datafield ind1=" " ind2="1" tag="264">
      <marc:subfield code="b">LYX</marc:subfield>
      <marc:subfield code="c">2022</marc:subfield>
   </marc:datafield>
   <marc:datafield ind1="1" ind2=" " tag="490">
      <marc:subfield code="a">Boyfriend Material</marc:subfield>
   </marc:datafield>
   <marc:datafield ind1="1" ind2=" " tag="520">
      <marc:subfield code="a">Angaben aus der Verlagsmeldung

Boyfriend Material Boyfriend Material / von Alexis Hall

Gesucht: Fake-Boyfriend. Möglichst perfekt und skandalfrei

Luc O’Donnell ist quasi berühmt. Als Sohn eines Rockstars steht er im Licht der Öffentlichkeit. Schon ein harmloser Skandal oder ein falsches Foto könnte ihn seinen Job bei einer Stiftung kosten. Um seinem Image einen bodenständigen Anstrich zu verleihen, beschließt Luc, sich einen netten und normalen Freund zu suchen - und findet Oliver Blackwell. Dieser ist so skandalfrei, wie es nur geht: Anwalt, Vegetarier und ebenfalls auf der Suche nach einem Date für ein großes Event. Die beiden beschließen sich zusammenzutun und der Welt das perfekte Paar vorzuspielen. Schnell merken sie, dass sie unterschiedlicher nicht sein könnten und so gar nichts gemeinsam haben. Und sie doch so viel verbindet ...

Die berührende Liebesgeschichte zweier junger Männer, die nichts gemeinsam haben und doch das Beste im anderen zum Vorschein bringen

Auftakt der romantischen Liebesgeschichte rund um Luc und Oliver

</marc:subfield>
   </marc:datafield>
   <marc:datafield ind1=" " ind2=" " tag="020">
      <marc:subfield code="a">9783736317673</marc:subfield>
      <marc:subfield code="9">9783736317673</marc:subfield>
   </marc:datafield>
</marc:record>
